Music Quiz

Random Music or This or That Quiz

Which Album Cover Is It? Quiz Stats

 Plays Quiz Updated Jan 14, 2016

Challenge
Share
Tweet
Score 0/15 Timer 06:00
3 Plays Today
% Correct
A: Yes, that is 'Revolver'
83.1%
B: Yes, that is 'The Division Bell'
77%
B: Yes, that is 'What's the Story (Morning Glory)
72.8%
A: Yes, that is 'Fear of the Dark'
72.8%
A: Yes, that is 'Dangerous'
67.9%
A: Yes, that is 'Sticky Fingers'
67.6%
B: Yes, that is 'Blood Mountain'
64.5%
A: Yes, that is 'Modern Times'
64%
% Correct
A: Yes, that is 'Hopes and Fears'
62.1%
B: Yes, that is 'Reload'
60.6%
B: Yes, that is 'Born This Way'
60.5%
A: Yes, that is 'Kid A'
59.7%
B: Yes, that is 'Like a Prayer'
51.2%
B: Yes, that is 'The Slim Shady LP'
43.6%
A: Yes, that is 'Magic'
28.2%

You're not logged in!

Compare scores with friends on all Sporcle quizzes.
Join for Free
OR
Log In

You Might Also Like...

Show Comments

Extras

Top Quizzes Today


Score Distribution

Your Account Isn't Verified!

In order to create a playlist on Sporcle, you need to verify the email address you used during registration. Go to your Sporcle Settings to finish the process.

Report this User

Report this user for behavior that violates our Community Guidelines.

Details: